00301nam a2200121Ia 4500008004100000082001500041100002200056245004000078250000800118260003700126300000800163650000800171191201s2012 xx 000 0 und d a659.1bWEA aWELLS, Williams D 0aAdvertising Principles and Practice aimp aN.DelhibPearson Educationc2012 a592 aMBA